[Event "Frome Open 2017"]
[Site "Frome ENG"]
[Date "2017.05.13"]
[Round "2.13"]
[Board "13"]
[White "Hollands, George E"]
[Black "Waddington, Mike P"]
[Result "0-1"]
[WhiteElo "1754"]
[BlackElo "2085"]
[PlyCount "106"]
[EventDate "2017.05.12"]
[SourceDate "2017.05.15"]
[SourceVersionDate "2017.05.15"]

1. d4 f5 2. c4 Nf6 3. g3 g6 4. Bg2 Bg7 5. Nc3 O-O 6. Nf3 d6 7. O-O c6 8. Qb3
Kh8 9. Bg5 Na6 10. Rad1 Qc7 11. Rfe1 e5 12. e4 exd4 13. Nxd4 Nc5 14. Qc2 fxe4
15. Nxe4 Ncxe4 16. Bxe4 Bg4 17. Bf3 Bxf3 18. Nxf3 Qd7 19. Bf4 d5 20. Ne5 Qh3
21. cxd5 Nxd5 22. Qc4 Qf5 23. Nd3 Rfe8 24. Bc1 Rad8 25. Nf4 Nxf4 26. Rxe8+ Rxe8
27. Qxf4 Qxf4 28. Bxf4 Bxb2 29. Rb1 Bd4 30. Rxb7 Re1+ 31. Kg2 Re2 32. Bh6 Rxf2+
33. Kh3 Kg8 34. Rd7 c5 35. Rxa7 Rf5 36. Ra8+ Kf7 37. Rf8+ Ke6 38. Rxf5 Kxf5 39.
Kg2 Ke4 40. h3 c4 41. Kf1 Kd3 42. Ke1 Kc2 43. a4 Bb6 44. Ke2 Kb3 45. Kd2 Ba5+
46. Kc1 Kxa4 47. Kc2 Kb5 48. g4 Kc6 49. h4 Bd8 50. h5 g5 51. Bg7 Kd5 52. Kc3
Ba5+ 53. Kc2 Ke4 0-1

[Event "Frome Open 2017"]
[Site "Frome ENG"]
[Date "2017.05.13"]
[Round "2.14"]
[Board "14"]
[White "Ward, Julian D"]
[Black "Bridges, Paul"]
[Result "1/2-1/2"]
[WhiteElo "1990"]
[BlackElo "1791"]
[PlyCount "40"]
[EventDate "2017.05.12"]

1. d4 d5 2. Nf3 e6 3. c4 c6 4. e3 Bd6 5. Bd3 f5 6. Nc3 Nf6 7. O-O O-O 8. Qc2
Ne4 9. Ne5 Nd7 10. f4 Nxc3 11. Qxc3 Nxe5 12. dxe5 Be7 13. Bd2 Bd7 14. c5 b6 15.
b4 Qc7 16. Kh1 Rfb8 17. Rfb1 bxc5 18. bxc5 Rxb1+ 19. Rxb1 Rb8 20. Rb3 Bc8
1/2-1/2

[Event "Frome Open 2017"]
[Site "Frome ENG"]
[Date "2017.05.13"]
[Round "2.15"]
[Board "15"]
[White "Clancy, Martin J"]
[Black "Rowland, Olatunji"]
[Result "1-0"]
[WhiteElo "1886"]
[BlackElo "1690"]
[PlyCount "105"]
[EventDate "2017.05.12"]
[SourceDate "2017.05.15"]
[SourceVersionDate "2017.05.15"]

1. e4 g6 2. d4 Bg7 3. Nf3 d6 4. Be2 Nf6 5. Nc3 O-O 6. O-O Nc6 7. h3 e5 8. d5
Ne7 9. Be3 Ne8 10. Nd2 f5 11. f3 f4 12. Bf2 Nf6 13. Na4 Bd7 14. c4 Qe8 15. Nc3
b6 16. b4 c5 17. dxc6 Bxc6 18. a4 Qb8 19. Qb3 Kh8 20. Rfc1 Rc8 21. a5 Nd7 22.
b5 Nc5 23. Bxc5 bxc5 24. bxc6 Nxc6 25. Qxb8 Raxb8 26. Rcb1 Rb4 27. Nd5 Rxb1+
28. Nxb1 Rb8 29. Nbc3 Rb2 30. Kf1 Nd4 31. Rb1 Rxb1+ 32. Nxb1 a6 33. Nd2 Bh6 34.
h4 g5 35. h5 Kg8 36. Nc7 Nc6 37. Bd1 Nxa5 38. Nxa6 Kf7 39. Ba4 Bf8 40. Ke2 h6
41. Kd3 Ke7 42. Nc7 Kd8 43. Ne6+ Ke7 44. Nxf8 Kxf8 45. Nb3 Nb7 46. Bc6 Nd8 47.
Bd5 Ke7 48. Nd2 Kf6 49. Nf1 g4 50. fxg4 Kg5 51. Nh2 Kh4 52. Ke2 Kg3 53. g5 1-0

[Event "Frome Open 2017"]
[Site "Frome ENG"]
[Date "2017.05.13"]
[Round "3.1"]
[Board "1"]
[White "Bogdan, Horia D"]
[Black "Crockart, Scott A"]
[Result "1/2-1/2"]
[WhiteElo "1918"]
[BlackElo "2129"]
[PlyCount "45"]
[EventDate "2017.05.12"]

1. c4 e5 2. g3 c6 3. Nc3 d5 4. cxd5 cxd5 5. d4 e4 6. Qb3 Nc6 7. Qxd5 Qxd5 8.
Nxd5 Nxd4 9. Nc7+ Kd8 10. Nxa8 Nc2+ 11. Kd1 Nxa1 12. Bf4 Bc5 13. Bh3 Nf6 14.
Nc7 a6 15. Be5 Bxf2 16. Kc1 Bxg1 17. Bxc8 Be3+ 18. Kb1 Kxc8 19. Bxf6 gxf6 20.
Nd5 Bd4 21. Rd1 Be5 22. Kxa1 Kb8 23. Ne3 1/2-1/2

[Event "Frome Open 2017"]
[Site "Frome ENG"]
[Date "2017.05.13"]
[Round "3.2"]
[Board "2"]
[White "Holt, Philip J"]
[Black "Varney, Zoe"]
[Result "1-0"]
[WhiteElo "2228"]
[BlackElo "1976"]
[PlyCount "129"]
[EventDate "2017.05.12"]

1. e4 e5 2. Nf3 Nc6 3. Bc4 Bc5 4. O-O Nf6 5. d3 d6 6. c3 Bb6 7. a4 O-O 8. h3 h6
9. Re1 Be6 10. Nbd2 a6 11. Bxe6 fxe6 12. Nc4 Ba7 13. Be3 Qe8 14. Bxa7 Nxa7 15.
d4 exd4 16. Nxd4 Qf7 17. Qe2 e5 18. Nf3 Nh5 19. Nfd2 Nc6 20. Rad1 Nf4 21. Qf3
Rae8 22. Kh2 Qe6 23. Rf1 Rf6 24. Qg4 Qf7 25. Ne3 Nd3 26. Nd5 Rg6 27. Qf5 Rf8
28. Nc4 Nc5 29. Nce3 Rg5 30. Qxf7+ Rxf7 31. f3 Nxa4 32. b4 Rd7 33. Rf2 Ne7 34.
Ra2 Nxd5 35. Nxd5 Nb6 36. Nxb6 cxb6 37. Rad2 Rg6 38. Rd5 Kf7 39. Rxe5 Rc7 40.
Rf5+ Ke7 41. Rd3 Re6 42. Rfd5 b5 43. Kg3 Rc6 44. Kf4 b6 45. Ke3 Kd7 46. f4 Re8
47. e5 Kc7 48. Rxd6 Rxd6 49. Rxd6 a5 50. bxa5 bxa5 51. Kd4 Rf8 52. g3 g5 53.
Ke4 gxf4 54. gxf4 Rh8 55. Ra6 a4 56. c4 bxc4 57. Rxa4 Rg8 58. Rxc4+ Kd7 59. Rc3
h5 60. Ra3 h4 61. f5 Rg1 62. e6+ Ke7 63. Ra7+ Ke8 64. f6 Rf1 65. Ra8# 1-0

[Event "Frome Open 2017"]
[Site "Frome ENG"]
[Date "2017.05.13"]
[Round "3.3"]
[Board "3"]
[White "Pleasants, Allan J"]
[Black "Turner, Joseph D"]
[Result "1-0"]
[WhiteElo "2066"]
[BlackElo "1958"]
[PlyCount "71"]
[EventDate "2017.05.12"]

1. d4 Nf6 2. Nf3 g6 3. g3 Bg7 4. Bg2 O-O 5. O-O d6 6. c4 Nc6 7. Nc3 e5 8. h3 e4
9. Ng5 h6 10. d5 Ne5 11. Ngxe4 Nxe4 12. Nxe4 Nxc4 13. Qc2 Nb6 14. Rd1 f5 15.
Nc3 a6 16. Be3 Nd7 17. Rac1 Nf6 18. Bd4 h5 19. h4 Ng4 20. Bxg7 Kxg7 21. e3 g5
22. Ne2 Rf7 23. hxg5 Qxg5 24. Rd4 h4 25. Rf4 hxg3 26. Nxg3 Kg8 27. Qe2 Bd7 28.
Rxc7 Bb5 29. Qc2 Nxe3 30. fxe3 Qxg3 31. Rxf7 Qxe3+ 32. Rf2 Kxf7 33. Qxf5+ Kg7
34. Qf6+ Kg8 35. Be4 Be8 36. Qf8# 1-0

[Event "Frome Open 2017"]
[Site "Frome ENG"]
[Date "2017.05.13"]
[Round "3.4"]
[Board "4"]
[White "Garcia, Oscar"]
[Black "Cherupalli, Ramprasad"]
[Result "1-0"]
[WhiteElo "2062"]
[BlackElo "1884"]
[PlyCount "55"]
[EventDate "2017.05.12"]

1. e4 e5 2. Bc4 Nf6 3. d3 c6 4. Nf3 d5 5. Bb3 dxe4 6. Ng5 Be6 7. Nxe6 fxe6 8.
Bxe6 exd3 9. cxd3 Bc5 10. O-O Qe7 11. Qb3 Bb6 12. Bd2 Nbd7 13. Bb4 Bc5 14. Bc3
Bb6 15. Bb4 Bc5 16. a3 O-O-O 17. Nd2 Kb8 18. Rfc1 Rhf8 19. Bxd7 Bxb4 20. Nf3
Rxd7 21. axb4 Nd5 22. b5 cxb5 23. Qxb5 Rxf3 24. gxf3 Qg5+ 25. Kh1 Qf5 26. Qc5
Qxf3+ 27. Kg1 Nb6 28. Qxe5+ 1-0

[Event "Frome Open 2017"]
[Site "Frome ENG"]
[Date "2017.05.13"]
[Round "3.5"]
[Board "5"]
[White "Stoyanov, Viktor"]
[Black "Simons, Martin J"]
[Result "1-0"]
[WhiteElo "1834"]
[BlackElo "2036"]
[PlyCount "41"]
[EventDate "2017.05.12"]

1. d4 c5 2. d5 Nf6 3. Bf4 d6 4. Nc3 g6 5. e4 Nbd7 6. Nf3 Bg7 7. Bd3 Nh5 8. Be3
O-O 9. O-O a6 10. a4 b6 11. Nd2 e5 12. dxe6 fxe6 13. Nc4 Ne5 14. f4 Nxc4 15.
Bxc4 Kh8 16. f5 exf5 17. exf5 Be5 18. fxg6 Bxh2+ 19. Kxh2 Qh4+ 20. Kg1 Bg4 21.
Qxd6 1-0

[Event "Frome Open 2017"]
[Site "Frome ENG"]
[Date "2017.05.13"]
[Round "3.6"]
[Board "6"]
[White "de Coverly, Roger D"]
[Black "Kramaley, David"]
[Result "1/2-1/2"]
[WhiteElo "1998"]
[BlackElo "1817"]
[PlyCount "103"]
[EventDate "2017.05.12"]

1. e4 e5 2. Nf3 Nc6 3. Bb5 a6 4. Ba4 Nf6 5. O-O Be7 6. Re1 b5 7. Bb3 d6 8. c3
O-O 9. d4 Bg4 10. d5 Nb8 11. h3 Bh5 12. Nbd2 Nbd7 13. Nf1 Bg6 14. Ng3 Nc5 15.
Bc2 c6 16. b4 Ncd7 17. dxc6 Nb6 18. Nh4 Bxe4 19. Nxe4 Nxe4 20. Bxe4 d5 21.
Bxh7+ Kxh7 22. Nf5 Bf6 23. Be3 g6 24. Ng3 d4 25. cxd4 exd4 26. Bf4 Nd5 27. Qf3
Nxf4 28. Qxf4 Rc8 29. Qf3 Bg7 30. Rac1 f5 31. Red1 Qb6 32. Ne2 Rf6 33. Nxd4 Rd6
34. Nb3 Rdxc6 35. Rxc6 Qxc6 36. Qxc6 Rxc6 37. Nc5 Bc3 38. a3 a5 39. Nd3 axb4
40. Nxb4 Bxb4 41. axb4 Rc4 42. Rb1 Kg7 43. Rb3 Kf6 44. Kf1 Rc2 45. g4 fxg4 46.
hxg4 Rc4 47. f3 g5 48. Kf2 Kg6 49. Ke3 Kf6 50. Rb1 Ke5 51. Rb3 Kf6 52. Rb1
1/2-1/2

[Event "Frome Open 2017"]
[Site "Frome ENG"]
[Date "2017.05.13"]
[Round "3.7"]
[Board "7"]
[White "Girdlestone, Paul C"]
[Black "Krzyzanowski, Patryk"]
[Result "1-0"]
[WhiteElo "2100"]
[BlackElo "2078"]
[PlyCount "77"]
[EventDate "2017.05.12"]

1. e4 c5 2. b3 Nf6 3. e5 Nd5 4. Bb2 Nc6 5. Nf3 d6 6. exd6 Qxd6 7. Nc3 Nxc3 8.
Bxc3 Bg4 9. h3 Qe6+ 10. Qe2 Qxe2+ 11. Bxe2 Bh5 12. O-O-O f6 13. Rhe1 O-O-O 14.
Kb2 e5 15. d3 Bf7 16. Bf1 Bd5 17. Nd2 Nd4 18. Nc4 b5 19. Ne3 Bc6 20. Ba5 Re8
21. c3 Ne6 22. Nc2 Bd6 23. b4 Kb7 24. bxc5 Bxc5 25. d4 Ka6 26. Bb4 Bb6 27. d5
Bxf2 28. Re2 Bxd5 29. Rxd5 Nf4 30. Rd6+ Bb6 31. Red2 e4 32. a4 e3 33. Bxb5+ Kb7
34. Rd7+ Kb8 35. Bd6+ Kc8 36. Bxf4 exd2 37. Rxd2 Bc7 38. Bxc7 Kxc7 39. Bxe8 1-0

[Event "Frome Open 2017"]
[Site "Frome ENG"]
[Date "2017.05.13"]
[Round "3.8"]
[Board "8"]
[White "Waddington, Mike P"]
[Black "Gregory, Andrew M"]
[Result "1/2=-1/2"]
[WhiteElo "2085"]
[BlackElo "1940"]

 1. c2-c4 Ng8-f6 2. Nb1-c3 d7-d6 3. d2-d4 c7-c6 4. e2-e4 Nb8-d7 5. Bc1-g5 e7-e5
 6. Ng1-f3 Bf8-e7 7. Bf1-e2 O-O 8. O-O h7-h6 9. Bg5-c1 a7-a6 10. a2-a4 Qd8-c7
 11. b2-b3 Rf8-e8 12. Bc1-b2 Nd7-f8 13. d4-d5 c6-c5 14. Nf3-e1 g7-g5 15. Ne1-d3 Nf8-g6
 16. g2-g3 Bc8-h3 17. Rf1-e1 Bh3-d7 18. Bb2-c1 Kg8-g7 19. Bc1-d2 Re8-h8 20. Ra1-a2 Nf6-h7
 21. Be2-f3 f7-f5 22. e4xf5 Bd7xf5 23. Bf3-e4 Qc7-d7 24. Be4xf5 Qd7xf5 25. Nc3-e4 Rh8-f8
 26. Bd2-c3 Nh7-f6 27. Qd1-e2 Nf6xe4 28. Qe2xe4 a6-a5 29. Ra2-e2 b7-b6 30. Qe4xf5 Rf8xf5
 31. Re2-e3 Ra8-f8 32. Kg1-g2 g5-g4 33. Re3-e4 h6-h5 34. Bc3-d2 Be7-g5 35. Bd2xg5 Rf5xg5
 36. Re1-e2 Rf8-f3 37. Re2-e3 Rg5-f5 38. h2-h3 g4xh3+ 39. Kg2xh3 Kg7-h6 40. Kh3-g2 Rf3xe3
 41. Re4xe3 Rf5-g5 42. Kg2-h3 Rg5-f5 43. Kh3-g2 Rf5-g5 1/2-1/2

[Event "Frome Open 2017"]
[Site "Frome ENG"]
[Date "2017.05.13"]
[Round "3.9"]
[Board "9"]
[White "Menadue, Jeremy FS"]
[Black "Clancy, Martin J"]
[Result "1-0"]
[WhiteElo "2082"]
[BlackElo "1886"]

 1. d2-d4 g7-g6 2. c2-c4 Bf8-g7 3. Nb1-c3 d7-d6 4. e2-e4 c7-c5 5. d4-d5 a7-a6
 6. Ng1-e2 e7-e6 7. Ne2-g3 Ng8-f6 8. Bf1-e2 Qd8-e7 9. O-O Nb8-d7 10. a2-a4 h7-h5
 11. d5xe6 f7xe6 12. f2-f4 h5-h4 13. Ng3-h1 Nf6-h5 14. Bc1-e3 Nd7-f6 15. Qd1-d2 O-O
 16. Ra1-e1 Nf6-e8 17. Nh1-f2 Bc8-d7 18. e4-e5 Bd7xa4 19. Nc3xa4 d6xe5 20. Be3xc5 1-0

[Event "Frome Open 2017"]
[Site "Frome ENG"]
[Date "2017.05.13"]
[Round "3.10"]
[Board "10"]
[White "Anderson, Peter W"]
[Black "Paulden, Tim"]
[Result "1/2-1/2"]
[WhiteElo "2050"]
[BlackElo "1910"]

 1. d2-d4 g7-g6 2. c2-c4 Bf8-g7 3. Nb1-c3 d7-d6 4. e2-e4 e7-e5 5. d4-d5 Ng8-e7
 6. Bf1-d3 a7-a5 7. Bc1-e3 Nb8-a6 8. a2-a3 Bc8-d7 9. b2-b3 f7-f5 10. f2-f3 Qd8-c8
 11. Ng1-e2 b7-b6 12. Qd1-d2 Na6-c5 13. Bd3-c2 Ne7-g8 14. Ra1-b1 f5xe4 15. Nc3xe4 Nc5xe4
 16. Bc2xe4 Ng8-f6 17. O-O O-O 18. Rf1-c1 Bd7-f5 19. Ne2-c3 Bf5xe4 20. Nc3xe4 Nf6xe4
 21. f3xe4 Qc8-g4 22. Rc1-e1 Rf8-f7 23. h2-h3 Qg4xe4 24. Be3xb6 Qe4-h4 25. Bb6-f2 Qh4-h5
 26. Bf2-e3 e5-e4 27. Be3-d4 Bg7-h6 28. Qd2-e2 Qh5xe2 29. Re1xe2 e4-e3 30. Rb1-e1 Ra8-e8
 31. g2-g3 Rf7-e7 32. Kg1-g2 Re7-e4 33. Bd4-a7 Re4-e7 34. h3-h4 c7-c5 35. Ba7-b6 Re8-b8 1/2-1/2

[Event "Frome Open 2017"]
[Site "Frome ENG"]
[Date "2017.05.13"]
[Round "3.11"]
[Board "11"]
[White "Crockart, George N"]
[Black "Adaway, William"]
[Result "1/2-1/2"]
[WhiteElo "2001"]
[BlackElo "1897"]

 1. f2-f4 d7-d5 2. Ng1-f3 g7-g6 3. g2-g3 Bf8-g7 4. Bf1-g2 Ng8-f6 5. d2-d3 O-O
 6. O-O c7-c5 7. e2-e3 Nb8-c6 8. c2-c3 Qd8-c7 9. Qd1-e2 Bc8-g4 10. h2-h3 Bg4xf3
 11. Bg2xf3 Qc7-d7 12. Kg1-h2 d5-d4 13. c3xd4 c5xd4 14. Bf3xc6 Qd7xc6 15. e3-e4 Nf6-d7
 16. Nb1-a3 Nd7-c5 17. Bc1-d2 Ra8-c8 18. Rf1-c1 Qc6-e6 19. Bd2-b4 Nc5-a6 20. Bb4-e1 Rc8xc1
 21. Ra1xc1 Qe6xa2 22. Qe2-c2 Na6-b8 23. Na3-b5 Nb8-c6 24. Be1-f2 a7-a6 25. Nb5-a3 Nc6-b4
 26. Qc2-d2 Qa2-b3 27. Rc1-d1 Rf8-d8 28. Na3-c4 Nb4-c6 29. Rd1-a1 Qb3-b4 30. Qd2-c2 e7-e6
 31. Bf2-e1 Qb4-e7 32. e4-e5 f7-f6 33. e5xf6 Bg7xf6 34. Nc4-a5 Rd8-c8 35. Qc2-b3 Nc6xa5
 36. Be1xa5 Qe7-d7 37. Ra1-e1 Kg8-f7 38. Ba5-b6 Rc8-c6 39. g3-g4 Kf7-g7 40. g4-g5 Bf6-e7
 41. Re1-e4 Be7-c5 42. Bb6xc5 Rc6xc5 43. Re4xe6 Rc5-c2+ 1/2-1/2

[Event "Frome Open 2017"]
[Site "Frome ENG"]
[Date "2017.05.13"]
[Round "3.12"]
[Board "12"]
[White "Jackson, Paul G"]
[Black "Ward, Julian D"]
[Result "1-0"]
[WhiteElo "1748"]
[BlackElo "1990"]

 1. d2-d4 Ng8-f6 2. c2-c4 e7-e6 3. Nb1-c3 Bf8-b4 4. a2-a3 Bb4xc3+ 5. b2xc3 O-O
 6. f2-f3 d7-d6 7. e2-e4 h7-h6 8. Bf1-d3 Nb8-d7 9. Ng1-e2 e6-e5 10. Bc1-e3 Rf8-e8
 11. O-O Nd7-f8 12. Qd1-c2 Nf8-g6 13. Kg1-h1 Kg8-h7 14. Rf1-g1 Nf6-g8 15. g2-g4 Ng6-h4
 16. Ra1-f1 g7-g5 17. Ne2-g3 f7-f6 18. Ng3-f5 Nh4-g6 19. Rg1-g2 Ng8-e7 20. h2-h3 Ng6-f4
 21. Be3xf4 e5xf4 22. h3-h4 Ne7xf5 23. g4xf5 Bc8-d7 24. Rg2-h2 Kh7-g7 25. Rf1-g1 Kg7-h7
 26. Qc2-g2 Re8-g8 27. Qg2-h3 Qd8-f8 28. e4-e5 g5xh4 29. Rg1xg8 Kh7xg8 30. Qh3xh4 Kg8-h7
 31. e5xf6 Ra8-e8 32. Rh2-g2 Re8-e3 33. Rg2-g7+ Qf8xg7 34. f6xg7 Re3xf3 35. g7-g8=Q+ 1-0

[Event "Frome Open 2017"]
[Site "Frome ENG"]
[Date "2017.05.13"]
[Round "3.13"]
[Board "13"]
[White "French, Max"]
[Black "Hollands, George E"]
[Result "1-0"]
[WhiteElo "1922"]
[BlackElo "1754"]

 1. d2-d4 d7-d5 2. c2-c4 c7-c6 3. c4xd5 c6xd5 4. Nb1-c3 Nb8-c6 5. Bc1-f4 a7-a6
 6. e2-e3 Ng8-f6 7. Bf1-d3 e7-e6 8. Ng1-f3 Bf8-e7 9. O-O Nf6-h5 10. Bf4-g3 Nh5xg3
 11. h2xg3 O-O 12. a2-a3 Bc8-d7 13. Nf3-d2 Bd7-e8 14. b2-b4 b7-b5 15. Nd2-b3 e6-e5
 16. d4xe5 Nc6xe5 17. Nc3xd5 Ne5xd3 18. Qd1xd3 Be8-c6 19. Nd5xe7+ Qd8xe7 20. Rf1-d1 Rf8-d8
 21. Qd3-c2 Bc6-e4 22. Qc2-e2 Be4-d5 23. Nb3-c5 Bd5-c4 24. Qe2-f3 a6-a5 25. Rd1xd8+ Ra8xd8
 26. Ra1-d1 a5xb4 27. a3xb4 g7-g6 28. Qf3-g4 h7-h5 29. Rd1xd8+ Qe7xd8 30. Qg4-d7 Qd8-f6
 31. Qd7-d4 Qf6-f5 32. Nc5-e4 Kg8-h7 33. Kg1-h2 g6-g5 34. g3-g4 h5xg4 35. Ne4-f6+ Kh7-g6
 36. Nf6xg4 f7-f6 37. f2-f3 Kg6-g7 38. Qd4-a7+ Bc4-f7 39. Qa7xf7+ Kg7xf7 40. Ng4-h6+ Kf7-e6
 41. Nh6xf5 Ke6xf5 42. Kh2-g3 Kf5-g6 43. Kg3-f2 Kg6-f5 44. e3-e4+ Kf5-e5 45. Kf2-e3 f6-f5
 46. g2-g4 f5xe4 47. f3xe4 Ke5-e6 48. Ke3-d4 Ke6-d6 49. e4-e5+ Kd6-e6 50. Kd4-e4 1-0

[Event "Frome Open 2017"]
[Site "Frome ENG"]
[Date "2017.05.13"]
[Round "3.14"]
[Board "14"]
[White "Bridges, Paul"]
[Black "Rowland, Olatunji"]
[Result "1/2-1/2"]
[WhiteElo "1791"]
[BlackElo "1690"]

 1. e2-e4 g7-g6 2. d2-d4 Bf8-g7 3. Bf1-c4 d7-d6 4. Ng1-f3 Ng8-f6 5. Nb1-d2 O-O
 6. c2-c3 Nf6xe4 7. Nd2xe4 d6-d5 8. Bc4-d3 d5xe4 9. Bd3xe4 Nb8-d7 10. O-O Nd7-f6
 11. Be4-d3 b7-b6 12. Rf1-e1 Bc8-b7 13. Qd1-e2 e7-e6 14. Bc1-g5 Qd8-d6 15. Bg5xf6 Bg7xf6
 16. Bd3-e4 c7-c6 17. Be4-d3 Rf8-d8 18. Bd3-a6 Bb7xa6 19. Qe2xa6 Qd6-c7 20. Qa6-e2 Ra8-c8
 21. Ra1-d1 1/2-1/2

[Event "Frome Open 2017"]
[Site "Frome ENG"]
[Date "2017.05.14"]
[Round "4.1"]
[Board "1"]
[White "Holt, Philip J"]
[Black "Garcia, Oscar"]
[Result "1/2-1/2"]
[WhiteElo "2228"]
[BlackElo "2062"]

 1. e4 e6 2. d4 d5 3. e5 c5 4. Nf3 Nc6 5. Bd3 Qb6 6. dxc5 Qc7 7. Qe2 f6 8. Bb5 Bxc5
 9. c4 a6 10. Bxc6+ bxc6 11. O-O Ne7 12. Be3 Bxe3 13. Qxe3 O-O 14. Re1 Rb8 15. b3 dxc4 16. bxc4 c5
 17. Nbd2 Nf5 18. Qc3 Nd4 19. Nxd4 cxd4 20. Qxd4 fxe5 21. Qxe5 Qxe5 22. Rxe5 Rb2 23. Nf3 Bb7 24. Rxe6 Bxf3
 25. gxf3 Rxf3 26. Rxa6 Rfxf2 27. Ra8+ Kf7 28. Rf1 Rxf1+ 29. Kxf1 Rxh2 30. a4 1/2-1/2

[Event "Frome Open 2017"]
[Site "Frome ENG"]
[Date "2017.05.14"]
[Round "4.2"]
[Board "2"]
[White "Bogdan, Horia D"]
[Black "Pleasants, Allan J"]
[Result "0-1"]
[WhiteElo "1918"]
[BlackElo "2066"]

 1. c4 g6 2. g3 Bg7 3. Bg2 d6 4. Nc3 Nf6 5. Rb1 O-O 6. d3 a5 7. Bd2 c6 8. e4 Na6
 9. a3 Nc7 10. Nf3 d5 11. cxd5 cxd5 12. e5 Ng4 13. d4 f6 14. h3 fxe5 15. hxg4 exd4 16. Ne2 Bxg4
 17. Qb3 a4 18. Qxb7 Bxf3 19. Bxf3 Rxf3 20. Rc1 Ne8 21. Bb4 Rf7 22. Qc6 e5 23. Rc5 Nf6 24. Ba5 Rxa5 0-1

[Event "Frome Open 2017"]
[Site "Frome ENG"]
[Date "2017.05.14"]
[Round "4.3"]
[Board "3"]
[White "Richmond, Jane"]
[Black "Stoyanov, Viktor"]
[Result "1-0"]
[WhiteElo "2128"]
[BlackElo "1834"]

 1. e4 c5 2. Nc3 Nc6 3. Bb5 Nd4 4. Nf3 g6 5. O-O Bg7 6. Re1 a6 7. Bf1 e6 8. d3 Ne7
 9. Bg5 O-O 10. Qd2 Nxf3+ 11. gxf3 f6 12. Be3 d6 13. d4 cxd4 14. Bxd4 d5 15. Bc5 d4 16. Qxd4 Nc6
 17. Qxd8 Rxd8 18. Red1 Kf7 19. Bb6 Rd7 20. a3 Bh6 21. Kg2 Ne5 22. Kg3 g5 23. Na4 f5 24. Bd4 f4+
 25. Kg2 Ng6 26. Nb6 Nh4+ 27. Kh1 Nxf3 28. Nxa8 Rxd4 29. Rxd4 Nxd4 30. Nb6 1-0

[Event "Frome Open 2017"]
[Site "Frome ENG"]
[Date "2017.05.14"]
[Round "4.4"]
[Board "4"]
[White "Crockart, Scott A"]
[Black "de Coverly, Roger D"]
[Result "1-0"]
[WhiteElo "2129"]
[BlackElo "1998"]

 1. d4 Nf6 2. c4 g6 3. g3 Bg7 4. Bg2 O-O 5. Nf3 d6 6. O-O Nbd7 7. Nc3 e5 8. e4 c6
 9. h3 exd4 10. Nxd4 Re8 11. b3 Nc5 12. Re1 a5 13. Rb1 Nfd7 14. Be3 Nf8 15. Qd2 Qc7 16. Red1 Nfd7
 17. a3 Nf6 18. Qc2 Ne6 19. Nde2 Bd7 20. Na4 c5 21. Nac3 Bc6 22. Nd5 Bxd5 23. exd5 Nf8 24. Nc3 Rad8
 25. Nb5 Qb8 26. Bf4 Nh5 27. Bg5 Bf6 28. Bxf6 Nxf6 29. Qc3 Ne4 30. Bxe4 Rxe4 31. Qxa5 b6 32. Qd2 Qc8
 33. Kg2 h5 34. Re1 Rxe1 35. Rxe1 Nh7 36. Qf4 Qd7 37. Re4 Kg7 38. Qe3 Qf5 39. h4 Nf6 40. Rf4 Qe5
 41. Qxe5 dxe5 42. Rf3 Ne8 43. Re3 Kf6 44. Kf3 Nd6 45. Nxd6 Rxd6 46. Ke4 Ke7 47. Kxe5 Rd8 48. Rf3 f5
 49. Kf4 b5 50. Kg5 Kf7 51. Re3 bxc4 52. bxc4 Ra8 53. d6 1-0

[Event "Frome Open 2017"]
[Site "Frome ENG"]
[Date "2017.05.14"]
[Round "4.5"]
[Board "5"]
[White "Kramaley, David"]
[Black "Girdlestone, Paul C"]
[Result "1-0"]
[WhiteElo "1817"]
[BlackElo "2100"]

 1. e4 e5 2. Bc4 Nc6 3. Nf3 Bc5 4. c3 Nf6 5. d3 d6 6. Bb3 Qe7 7. h3 Bd7 8. Nbd2 O-O-O
 9. Bc2 d5 10. b4 dxe4 11. dxe4 Bb6 12. Qe2 a5 13. b5 Na7 14. a4 Be6 15. Ba3 Bc5 16. Bb2 Nd7
 17. O-O g5 18. Bb3 Rhg8 19. Bxe6 fxe6 20. Nh2 Rdf8 21. Nb3 Kb8 22. Nxc5 Nxc5 23. Ba3 Nc8 24. Qe3 b6
 25. Bxc5 Qxc5 26. Qxc5 bxc5 27. Ng4 Rd8 28. Nxe5 Ne7 29. Rfd1 Kc8 30. Nc4 g4 31. hxg4 Rxg4 32. Rxd8+ Kxd8
 33. f3 Rg5 34. Nxa5 Ng6 35. Nc6+ Ke8 36. Ra2 Nh4 37. Rf2 c4 38. a5 Rxb5 39. a6 Rb6 40. Ra2 1-0

[Event "Frome Open 2017"]
[Site "Frome ENG"]
[Date "2017.05.14"]
[Round "4.6"]
[Board "6"]
[White "Waddington, Mike P"]
[Black "Turner, Joseph D"]
[Result "1-0"]
[WhiteElo "2085"]
[BlackElo "1958"]

 1. c4 e5 2. Nc3 Bb4 3. Nd5 Bc5 4. Nf3 e4 5. d4 Bf8 6. Ng1 c6 7. Nc3 d5 8. Bf4 Bd6
 9. Bxd6 Qxd6 10. e3 a6 11. cxd5 cxd5 12. Qb3 Ne7 13. Nge2 O-O 14. Nf4 Rd8 15. Be2 b5 16. O-O b4
 17. Na4 a5 18. Nc5 g5 19. Nh5 g4 20. Rac1 f5 21. Kh1 Na6 22. f3 Nxc5 23. Rxc5 gxf3 24. gxf3 exf3
 25. Bxf3 Kh8 26. Nf4 Be6 27. Rfc1 Rac8 28. Qa4 Bd7 29. Qd1 Rxc5 30. Rxc5 a4 31. Nd3 Ng6 32. Nxb4 f4
 33. e4 Be6 34. Nd3 Ne5 35. Bh5 Nd7 36. Ra5 Rb8 37. Qd2 Rf8 38. Bf3 Bg8 39. Qc3 h5 1-0

[Event "Frome Open 2017"]
[Site "Frome ENG"]
[Date "2017.05.14"]
[Round "4.8"]
[Board "8"]
[White "Simons, Martin J"]
[Black "French, Max"]
[Result "0-1"]
[WhiteElo "2036"]
[BlackElo "1922"]

 1. e4 c6 2. Nc3 d5 3. Nf3 Bg4 4. h3 Bxf3 5. Qxf3 e6 6. d4 Nf6 7. e5 Nfd7 8. Qg3 Qb6
 9. Ne2 c5 10. dxc5 Nxc5 11. Qe3 Nc6 12. c3 Nxe5 13. Nd4 Nc6 14. Be2 Nd7 15. O-O Bc5 16. Rd1 e5
 17. Bg4 O-O-O 18. b4 Bxd4 19. cxd4 exd4 20. Qg5 h5 21. Bxd7+ Rxd7 22. Qxg7 Re8 23. Bb2 Qxb4 24. Bxd4 Nxd4
 25. Qxd4 Re1+ 0-1

[Event "Frome Open 2017"]
[Site "Frome ENG"]
[Date "2017.05.14"]
[Round "4.9"]
[Board "9"]
[White "Varney, Zoe"]
[Black "Jackson, Paul G"]
[Result "1-0"]
[WhiteElo "1976"]
[BlackElo "1748"]

 1. e4 e6 2. d4 d5 3. Nc3 Nf6 4. Bg5 Bb4 5. e5 h6 6. Bd2 Bxc3 7. bxc3 Ne4 8. Qg4 g6
 9. Nf3 c5 10. Bd3 Nxd2 11. Kxd2 Bd7 12. dxc5 Qe7 13. Qb4 Bc6 14. Bb5 O-O 15. Rab1 a5 16. Qd4 Bxb5
 17. Rxb5 Nc6 18. Qe3 Kg7 19. Rhb1 Ra7 20. Nd4 Rc8 21. a4 Nd8 22. g3 Kh7 23. Nb3 Nc6 24. f4 Kg7
 25. Rb6 Nd8 26. h4 h5 27. Qd3 Nc6 28. Qe2 Rd8 29. Qe3 Rc8 30. Nd4 Nxd4 31. cxd4 Qd7 32. Qb3 Rc7
 33. Qb5 Qe7 34. Kd3 Kh7 35. Qb3 Qd7 36. Rb5 Qc6 37. Kd2 Kg7 38. Qc3 b6 39. Rxb6 Qxa4 40. Ra1 Qd7
 41. Rxa5 Rxa5 42. Qxa5 Ra7 43. Ra6 Rc7 44. Qa4 Qe7 45. Qb5 Rb7 46. Rb6 Ra7 47. Qc6 Ra1 48. Rb7 Qd8
 49. Qc7 Qe8 50. Qd7 Qxd7 51. Rxd7 Ra4 52. c3 Kf8 53. Rb7 Ke8 54. Kc2 Ra2+ 55. Rb2 Ra3 56. Rb8+ Kd7
 57. Kb2 Ra4 58. Rb7+ Ke8 59. c6 Rc4 60. c7 Rc6 61. Kb3 Rc4 62. Rb8+ Kd7 63. Rf8 Rxc7 64. Rxf7+ Kd8
 65. Rf8+ Ke7 66. Rf6 Rb7+ 67. Kc2 Ra7 68. Rxg6 Ra2+ 69. Kb3 Rf2 70. Rg5 Rf3 71. Kb4 Kf7 72. Rxh5 Rxg3
 73. f5 exf5 74. Rxf5+ Ke7 75. Rh5 Rh3 76. Rh8 Ke6 77. h5 Rh1 78. h6 Rb1+ 79. Kc5 Rc1 80. Re8+ Kd7
 81. h7 1-0

[Event "Frome Open 2017"]
[Site "Frome ENG"]
[Date "2017.05.14"]
[Round "4.10"]
[Board "10"]
[White "Krzyzanowski, Patryk"]
[Black "Cherupalli, Ramprasad"]
[Result "1-0"]
[WhiteElo "2078"]
[BlackElo "1884"]

 1. d4 d5 2. c4 c6 3. Nf3 Nf6 4. cxd5 cxd5 5. Nc3 Nc6 6. Bf4 a6 7. Rc1 g6 8. Ne5 Bg7
 9. Nxc6 bxc6 10. Na4 Ne4 11. a3 Bd7 12. f3 Nf6 13. Nc5 Qb6 14. Qd2 O-O 15. h4 Rad8 16. Rc3 Bc8
 17. Rb3 Qa7 18. h5 gxh5 19. Bb8 Qa8 20. Bc7 Rde8 21. Be5 Bf5 22. g4 hxg4 23. fxg4 Ne4 24. Nxe4 Bxe4
 25. Bxg7 Kxg7 26. Rbh3 Rh8 27. Bg2 Bg6 28. Qh6+ Kg8 29. O-O Qb8 30. b4 e5 31. Rf6 Re6 32. Rxe6 fxe6
 33. Rf3 exd4 34. Bh3 Qd8 35. g5 Qe7 36. Bxe6+ 1-0

[Event "Frome Open 2017"]
[Site "Frome ENG"]
[Date "2017.05.14"]
[Round "4.11"]
[Board "11"]
[White "Adaway, William"]
[Black "Anderson, Peter W"]
[Result "0-1"]
[WhiteElo "1897"]
[BlackElo "2050"]

 1. Nf3 g6 2. g3 Bg7 3. Bg2 e5 4. d3 Nc6 5. c3 Nf6 6. e4 O-O 7. O-O d6 8. Re1 Ne8
 9. d4 Bg4 10. d5 Ne7 11. h3 Bd7 12. Na3 h6 13. Be3 f5 14. exf5 gxf5 15. Qd2 Kh7 16. Nh2 Ng6
 17. f4 exf4 18. gxf4 Nh4 19. Kh1 Nf6 20. Rg1 Rg8 21. Bf3 Ne4 22. Qc2 Nxf3 23. Nxf3 c6 24. dxc6 Bxc6
 25. Kh2 Qe8 26. Bd4 Bxd4 27. Nxd4 Qh5 28. Nxc6 Qh4 29. Raf1 Rg3 0-1